[Event "Superettan(Kamraterna-Upsala)"]
[Site "?"]
[Date "2023.03.12"]
[Round "9"]
[White "Johansson, Thomas"]
[Black "Svensson, Bengt"]
[Result "1/2-1/2"]
[WhiteElo "2194"]
[BlackElo "2317"]
[PlyCount "49"]
[SourceVersionDate "2023.03.30"]

1. d4 d5 2. c4 dxc4 3. e4 e5 4. Nf3 exd4 5. Bxc4 Bb4+ 6. Nbd2 Nc6 7. O-O Nf6 8.
e5 Nd5 9. Nb3 Nb6 10. Bb5 Qd5 11. Bxc6+ Qxc6 12. Bg5 Bg4 13. Qxd4 Bxf3 14. Qxb4
Nd5 15. Qd2 Bxg2 16. Rfc1 Qe6 17. Kxg2 Qg4+ 18. Kf1 Qh3+ 19. Ke1 Qg2 20. Rc4
O-O 21. f4 Qg1+ 22. Ke2 Qg2+ 23. Ke1 Qg1+ 24. Ke2 Qg2+ 25. Ke1 1/2-1/2

[Event "Superettan(Burgsvik-Orgryte)"]
[Site "?"]
[Date "2023.03.12"]
[Round "9"]
[White "Andersson, Bjorn"]
[Black "Torngren, Gustav"]
[Result "0-1"]
[WhiteElo "2172"]
[BlackElo "2257"]
[PlyCount "96"]
[SourceVersionDate "2023.03.29"]

1. e4 b6 2. Nc3 Bb7 3. Nge2 g6 4. Ng3 c5 5. Bd3 h5 6. f3 h4 7. Nf1 h3 8. Qe2
Nc6 9. b3 Nd4 10. Qf2 hxg2 11. Qxg2 Bg7 12. Bb2 Nf6 13. O-O-O Nh5 14. Ne2 Qc7
15. Nfg3 O-O-O 16. Nxd4 cxd4 17. Ne2 Nf4 18. Nxf4 Qxf4 19. Kb1 d5 20. Rde1 e6
21. Bc1 Rh4 22. exd5 Bxd5 23. Be4 d3 24. c3 Be5 25. h3 Qg3 26. Qf1 Bxe4 27.
Rxe4 Rxe4 28. fxe4 Rd7 29. h4 Qg4 30. Qe1 Bg3 31. Qe3 Bxh4 32. Rg1 Qe2 33. Qh3
g5 34. Qh1 e5 35. c4 f6 36. Rf1 g4 37. Rf5 Qe1 38. Rf1 Qe2 39. Rg1 Bf2 40. Qh8+
Rd8 41. Qxf6 Bxg1 42. Qe6+ Kb8 43. Qe7 Kc8 44. Qe6+ Rd7 45. Qc6+ Kd8 46. Qa8+
Ke7 47. Ba3+ Bc5 48. Qh8 Qd1+ 0-1

[Event "Superettan(Lulea-Orebro)"]
[Site "?"]
[Date "2023.03.12"]
[Round "9"]
[White "Pettersson, Tobias"]
[Black "Skoog, Daniel"]
[Result "1/2-1/2"]
[WhiteElo "2111"]
[BlackElo "2043"]
[PlyCount "40"]
[SourceVersionDate "2023.03.30"]

1. d4 d5 2. Nf3 Nf6 3. Bg5 Ne4 4. Bh4 c5 5. dxc5 Qa5+ 6. c3 Qxc5 7. Nbd2 Nc6 8.
e3 Bf5 9. Nxe4 Bxe4 10. Bd3 Bxd3 11. Qxd3 e6 12. O-O Be7 13. Bg3 O-O 14. Rfd1
Rac8 15. a4 a5 16. Qb5 b6 17. Qe2 Rfd8 18. Rd2 Bd6 19. Rad1 Bxg3 20. hxg3 h6
1/2-1/2

[Event "Superettan(Kamraterna-Upsala)"]
[Site "?"]
[Date "2023.03.12"]
[Round "9"]
[White "Svenn, Matti"]
[Black "Fernandez, Juan Pablo"]
[Result "1/2-1/2"]
[WhiteElo "2170"]
[BlackElo "2044"]
[PlyCount "89"]
[SourceVersionDate "2023.03.30"]

1. e4 c5 2. Nf3 g6 3. d4 cxd4 4. Nxd4 Nc6 5. Nb3 Bg7 6. Be2 Nf6 7. Nc3 O-O 8.
O-O d6 9. Bg5 Be6 10. Kh1 h6 11. Bh4 g5 12. Bg3 d5 13. Nc5 b6 14. Nxe6 fxe6 15.
e5 Nd7 16. Bg4 Nc5 17. Re1 Kh8 18. a3 a5 19. Bh5 Qd7 20. Qd2 Rad8 21. Rad1 Rf5
22. Bg4 Rxe5 23. Bxe5 Nxe5 24. Rxe5 Bxe5 25. Qe3 Bf6 26. Qh3 Kg7 27. Rxd5 Qc7
28. Rxd8 Qxd8 29. Qe3 Qd4 30. Qe2 b5 31. Nxb5 Qxb2 32. g3 Qe5 33. Kg2 Qxe2 34.
Bxe2 Bb2 35. Kf3 Kf6 36. Ke3 Ke5 37. f4+ gxf4+ 38. gxf4+ Kd5 39. c4+ Kc6 40.
Nd4+ Kd7 41. Nb5 Bc1+ 42. Kf3 Kc6 43. Nd4+ Kd7 44. Nb5 Kc6 45. Nd4+ 1/2-1/2

[Event "Superettan(Burgsvik-Orgryte)"]
[Site "?"]
[Date "2023.03.12"]
[Round "9"]
[White "Anderzen, Robert"]
[Black "Hakansson, Rustan"]
[Result "1-0"]
[WhiteElo "2100"]
[BlackElo "1928"]
[PlyCount "69"]
[SourceVersionDate "2023.03.29"]

1. d4 Nf6 2. c4 g6 3. Nc3 Bg7 4. e4 d6 5. f4 O-O 6. Nf3 c5 7. d5 e6 8. dxe6
Bxe6 9. Bd3 Bg4 10. O-O Nc6 11. h3 Bxf3 12. Qxf3 Nd7 13. Bd2 Bd4+ 14. Kh1 f6
15. Nb5 Bxb2 16. Rab1 Nd4 17. Qg3 Nxb5 18. Rxb2 Nd4 19. Rxb7 Qc8 20. Rb2 Qc7
21. Bc3 Nc6 22. h4 Rf7 23. h5 Rg7 24. hxg6 hxg6 25. Qg4 Kf7 26. Rfb1 Rb8 27.
Rxb8 Ncxb8 28. e5 dxe5 29. Be4 exf4 30. Bd5+ Kf8 31. Qe6 f3 32. Kg1 fxg2 33.
Re1 Qd8 34. Qd6+ Re7 35. Bxf6 1-0

[Event "Superettan(Lulea-Orebro)"]
[Site "?"]
[Date "2023.03.12"]
[Round "9"]
[White "Blomstrom, Lars"]
[Black "Kashwan, Hassan"]
[Result "1-0"]
[WhiteElo "2085"]
[BlackElo "1934"]
[PlyCount "67"]
[SourceVersionDate "2023.03.30"]

1. e4 c5 2. Nc3 d6 3. g3 Nc6 4. Bg2 g6 5. d3 Bg7 6. Be3 Nf6 7. h3 Bd7 8. Qd2 h5
9. Nf3 e5 10. Bg5 Qb8 11. O-O Nd4 12. Nxd4 cxd4 13. Ne2 a5 14. c3 dxc3 15. Nxc3
Bc6 16. d4 O-O 17. dxe5 dxe5 18. Rfd1 Re8 19. Rac1 Re6 20. Qe3 Qe8 21. Bf1 b5
22. Nd5 Bxd5 23. exd5 Rd6 24. Bxf6 Bxf6 25. Rc6 Qxc6 26. dxc6 Rxd1 27. Qf3 Rd6
28. c7 Rc8 29. Qb7 Rxc7 30. Qxc7 Rd2 31. Bxb5 h4 32. Bc4 Bg7 33. Bxf7+ Kh7 34.
Qc6 1-0

[Event "Superettan(Kamraterna-Upsala)"]
[Site "?"]
[Date "2023.03.12"]
[Round "9"]
[White "Bernhard, Jonathan"]
[Black "Madebrink, Lars"]
[Result "1-0"]
[WhiteElo "2061"]
[BlackElo "2138"]
[PlyCount "55"]
[SourceVersionDate "2023.03.30"]

1. e4 c5 2. d4 cxd4 3. Qxd4 Nc6 4. Qd3 Nf6 5. Nc3 d6 6. Nf3 e6 7. Bf4 Be7 8.
O-O-O e5 9. Bg5 Be6 10. Bxf6 gxf6 11. Kb1 Qa5 12. Nd5 Rc8 13. c3 Rg8 14. Nh4
Rg4 15. Nf5 Bxd5 16. exd5 Nb8 17. Qh3 Qa4 18. Bb5+ Qxb5 19. Qxg4 Nd7 20. Qg8+
Nf8 21. Ng7+ Kd7 22. Qxf7 Qe2 23. Rhe1 Qxf2 24. Rf1 Qxg2 25. Nf5 Ng6 26. Qe6+
Kd8 27. Nxe7 Nxe7 28. Rxf6 1-0

[Event "Superettan(Burgsvik-Orgryte)"]
[Site "?"]
[Date "2023.03.12"]
[Round "9"]
[White "Tuvesson, Mats"]
[Black "Arnelind, Mikael"]
[Result "0-1"]
[WhiteElo "2037"]
[BlackElo "2195"]
[PlyCount "118"]
[SourceVersionDate "2023.03.29"]

1. e4 e6 2. d4 d5 3. Nd2 Nf6 4. e5 Nfd7 5. Bd3 c5 6. c3 Nc6 7. Ne2 cxd4 8. cxd4
f6 9. exf6 Nxf6 10. Nf3 Qc7 11. O-O Bd6 12. Bg5 O-O 13. Bh4 Nh5 14. Bg3 Nxg3
15. fxg3 g6 16. Kh1 Qg7 17. Qd2 Bd7 18. a3 Rae8 19. Rad1 Ne7 20. Nc3 a6 21. Bc2
Nf5 22. Bxf5 Rxf5 23. g4 Rf4 24. g5 Ref8 25. Rde1 R4f5 26. Ne2 Bb5 27. Rg1 Qe7
28. Ng3 Rf4 29. Qe3 Bd7 30. Qd2 Bc8 31. Ne2 R4f5 32. Ng3 Rf4 33. Ne2 R4f7 34.
Nc3 Qd8 35. Ne2 Rf5 36. Qc3 Bd7 37. Nc1 Bf4 38. h4 Bg3 39. Rd1 Bb8 40. Nd3 Bb5
41. Nde5 Rf4 42. Rge1 Bc7 43. Re3 Ba5 44. b4 Bb6 45. g3 Re4 46. Rde1 Rxe3 47.
Qxe3 Qd6 48. Kg2 Bc7 49. Nh2 a5 50. Nhg4 axb4 51. axb4 Qxb4 52. Nxg6 hxg6 53.
Qxe6+ Kg7 54. h5 Qd2+ 55. Kh3 Qxg5 56. Qe7+ Qxe7 57. Rxe7+ Rf7 58. h6+ Kg8 59.
h7+ Rxh7+ 0-1

[Event "Superettan(Lulea-Orebro)"]
[Site "?"]
[Date "2023.03.12"]
[Round "9"]
[White "Hart, Alexander"]
[Black "Jonsson, Krister"]
[Result "0-1"]
[WhiteElo "1985"]
[BlackElo "2011"]
[PlyCount "76"]
[SourceVersionDate "2023.03.30"]

1. d4 Nf6 2. c4 e6 3. Nc3 Bb4 4. a3 Bxc3+ 5. bxc3 c5 6. e3 Nc6 7. Bd3 O-O 8. e4
d6 9. Ne2 e5 10. d5 Ne7 11. h4 Ne8 12. f3 f5 13. Be3 Nf6 14. exf5 Bxf5 15. Ng3
Bxd3 16. Qxd3 Qd7 17. Rb1 Rab8 18. Rb5 b6 19. Qb1 e4 20. O-O exf3 21. Rxf3 Ng4
22. Rxf8+ Rxf8 23. Bg5 Ng6 24. Qd3 N6e5 25. Qe4 h6 26. Bd2 Qe7 27. Nh1 Qxh4 28.
Bf4 Qf6 29. g3 g5 30. Nf2 Nxf2 31. Kxf2 gxf4 32. g4 Qh4+ 33. Kf1 Qh3+ 34. Qg2
Qxg2+ 35. Kxg2 f3+ 36. Kf1 Nxg4 37. a4 f2 38. a5 Ne3+ 0-1

[Event "Superettan(Kamraterna-Upsala)"]
[Site "?"]
[Date "2023.03.12"]
[Round "9"]
[White "Svedberg, Hans"]
[Black "Dolata, Henryk"]
[Result "1-0"]
[WhiteElo "2016"]
[BlackElo "2072"]
[PlyCount "71"]
[SourceVersionDate "2023.03.30"]

1. e4 e6 2. d4 d5 3. Nc3 Bb4 4. e5 b6 5. a3 Bf8 6. Nf3 Qd7 7. Be2 Ba6 8. Bxa6
Nxa6 9. Qe2 Nb8 10. O-O c5 11. dxc5 bxc5 12. Rd1 Nc6 13. h4 h5 14. Ne4 Qc7 15.
Ng3 Nge7 16. c4 d4 17. Qe4 a5 18. b3 Rb8 19. Rb1 Ng6 20. Re1 Be7 21. Bg5 Rb6
22. Bxe7 Ncxe7 23. b4 axb4 24. axb4 cxb4 25. Qa8+ Qb8 26. Qa4+ Kf8 27. c5 Rb7
28. Nxd4 Nd5 29. Nc6 Qc8 30. Ne4 Nc3 31. Nxc3 bxc3 32. Qa6 Rc7 33. Rb8 Ne7 34.
Rxc8+ Rxc8 35. Nxe7 Kxe7 36. Qb7+ 1-0

[Event "Superettan(SS 4 Springare-Vasteras II)"]
[Site "?"]
[Date "2023.03.12"]
[Round "9"]
[White "Eriksson, Anders"]
[Black "Galperin, Platon"]
[Result "0-1"]
[WhiteElo "2166"]
[BlackElo "2534"]
[PlyCount "68"]
[SourceVersionDate "2023.03.29"]

1. Nf3 Nf6 2. g3 g6 3. Bg2 Bg7 4. c4 O-O 5. O-O d6 6. Nc3 Re8 7. d4 Bd7 8. e4
e5 9. d5 a5 10. Ne1 Na6 11. Nd3 c6 12. Be3 cxd5 13. cxd5 Ng4 14. Bd2 f5 15. Qe2
b5 16. f3 Nf6 17. Rac1 b4 18. Nd1 Bb5 19. N1f2 Nc5 20. Rfe1 Nxd3 21. Nxd3 Qb6+
22. Be3 Qa6 23. Red1 Nxd5 24. exd5 e4 25. fxe4 fxe4 26. Qg4 exd3 27. Bd4 Rac8
28. Bxg7 Rxc1 29. Rxc1 d2 30. Rd1 Re1+ 31. Kf2 Qa7+ 32. Bd4 Qf7+ 33. Bf3 Rxd1
34. Qc8+ Be8 0-1

[Event "Superettan(Vaxjo-Rockaden,Stockholm II)"]
[Site "?"]
[Date "2023.03.12"]
[Round "9"]
[White "Bator, Robert"]
[Black "Golubka, Petro"]
[Result "1/2-1/2"]
[WhiteElo "2343"]
[BlackElo "2374"]
[PlyCount "33"]
[SourceVersionDate "2023.03.30"]

1. e4 g6 2. d4 Bg7 3. Nf3 d6 4. Nc3 Nc6 5. Bc4 Na5 6. Be2 Nf6 7. Rb1 Nc6 8. d5
Nb8 9. O-O O-O 10. h3 Nbd7 11. Re1 Nc5 12. Bf1 e5 13. b4 Ncd7 14. a3 Nb6 15.
Be3 Nbd7 16. Bd2 c6 17. dxc6 1/2-1/2

[Event "Superettan(SS 4 Springare-Vasteras II)"]
[Site "?"]
[Date "2023.03.12"]
[Round "9"]
[White "Sivuk, Vitalii"]
[Black "Adahl, Mattias"]
[Result "1-0"]
[WhiteElo "2527"]
[BlackElo "2109"]
[PlyCount "45"]
[SourceVersionDate "2023.03.29"]

1. d4 d5 2. c4 e6 3. Nc3 Nf6 4. cxd5 exd5 5. Bg5 c6 6. e3 Be7 7. Bd3 Qb6 8. Qc2
Na6 9. a3 Be6 10. Nge2 c5 11. Bb5+ Kf8 12. Bxa6 Qxa6 13. dxc5 Bxc5 14. O-O Rc8
15. Rfd1 Ne4 16. Nxe4 Bxe3 17. Qd3 Qxd3 18. Rxd3 dxe4 19. Rxe3 f6 20. Bf4 f5
21. f3 Bd5 22. Nc3 Bc6 23. fxe4 1-0

[Event "Superettan(Vaxjo-Rockaden,Stockholm II)"]
[Site "?"]
[Date "2023.03.12"]
[Round "9"]
[White "Hillarp, Tiger"]
[Black "Berovski, Krum"]
[Result "1-0"]
[WhiteElo "2508"]
[BlackElo "2351"]
[PlyCount "113"]
[SourceVersionDate "2023.03.30"]

1. Nf3 Nf6 2. c4 e6 3. g3 d5 4. Bg2 dxc4 5. Qa4+ Nbd7 6. Qxc4 c5 7. O-O Rb8 8.
a4 b6 9. Nc3 Bb7 10. e4 Be7 11. Qe2 O-O 12. d4 cxd4 13. Nxd4 Bc5 14. Rd1 Bxd4
15. Rxd4 e5 16. Rd1 Qe7 17. g4 Rfd8 18. g5 Ne8 19. Nd5 Bxd5 20. exd5 Nd6 21.
Ra3 Rbc8 22. Rh3 Re8 23. b3 g6 24. Kh1 Nf8 25. f4 exf4 26. Qxe7 Rxe7 27. Bxf4
Rd7 28. Re3 Nf5 29. Red3 Rc5 30. Bh3 Rd8 31. Kg1 f6 32. gxf6 Kf7 33. Bxf5 gxf5
34. Be3 Rc2 35. Rf1 Nd7 36. Rxf5 Rg8+ 37. Kh1 Rg6 38. d6 Rxf6 39. Rxf6+ Kxf6
40. Bf4 Kf5 41. Bg3 Ke4 42. Rd1 Rb2 43. Re1+ Kd5 44. Re7 Kc6 45. Rxh7 Rxb3 46.
Kg2 Ra3 47. h4 Rxa4 48. h5 Re4 49. Re7 Rg4 50. h6 Rg8 51. h7 Rh8 52. Kf3 a5 53.
Ke2 b5 54. Kd1 b4 55. Bf2 Nf8 56. d7 Ne6 57. Rxe6+ 1-0

[Event "Superettan(Kamraterna-Lulea)"]
[Site "?"]
[Date "2023.03.11"]
[Round "8"]
[White "Pettersson, Tobias"]
[Black "Svenn, Gosta"]
[Result "1/2-1/2"]
[WhiteElo "2111"]
[BlackElo "2269"]
[PlyCount "31"]
[SourceVersionDate "2023.03.28"]

1. d4 d5 2. Nf3 Nf6 3. Bg5 Ne4 4. Bh4 c5 5. dxc5 Nc6 6. e3 g6 7. Nbd2 Nxc5 8.
Be2 Bg7 9. c3 O-O 10. O-O Bf5 11. Nd4 Bd3 12. Nxc6 bxc6 13. Bxd3 Nxd3 14. Qe2
Nc5 15. Rfd1 Re8 16. e4 1/2-1/2

[Event "Superettan(Upsala-Vaxjo)"]
[Site "?"]
[Date "2023.03.11"]
[Round "8"]
[White "Hillarp, Tiger"]
[Black "Sirin, Atakan"]
[Result "1-0"]
[WhiteElo "2508"]
[BlackElo "2332"]
[PlyCount "59"]
[SourceVersionDate "2023.03.29"]

1. Nf3 d5 2. c4 e6 3. g3 Nf6 4. Bg2 Be7 5. O-O O-O 6. d4 Nbd7 7. Qc2 c6 8. Nbd2
b6 9. e4 Nxe4 10. Nxe4 dxe4 11. Qxe4 Bb7 12. Rd1 Qc8 13. Bf4 Re8 14. Qc2 h6 15.
c5 Nf6 16. Ne5 b5 17. Re1 Bf8 18. h4 Re7 19. g4 Nd5 20. Bg3 g6 21. g5 h5 22.
Bxd5 exd5 23. Nxg6 Rxe1+ 24. Rxe1 Qg4 25. Ne5 Qe6 26. Qd1 Bg7 27. Qxh5 Re8 28.
Re3 Rf8 29. g6 fxg6 30. Nxg6 1-0

[Event "Superettan(Vasteras II-Orebro)"]
[Site "?"]
[Date "2023.03.11"]
[Round "8"]
[White "Backe, Peter"]
[Black "Kimari, Patrick"]
[Result "1-0"]
[WhiteElo "2228"]
[BlackElo "2081"]
[PlyCount "95"]
[SourceVersionDate "2023.03.29"]

1. d4 Nf6 2. Nf3 e6 3. g3 c5 4. c4 cxd4 5. Nxd4 Bc5 6. Nc3 Nc6 7. Nb3 Bb4 8.
Bg2 d5 9. cxd5 Nxd5 10. Bd2 Nxc3 11. Bxc3 Bxc3+ 12. bxc3 Qf6 13. Nd4 O-O 14.
O-O e5 15. Nxc6 bxc6 16. Qa4 Bf5 17. Bxc6 Rac8 18. Bg2 Qe7 19. Rac1 Rfd8 20. c4
e4 21. e3 Bg4 22. c5 f5 23. Qc4+ Qf7 24. f3 exf3 25. Bxf3 Bxf3 26. Rxf3 Qxc4
27. Rxc4 g6 28. e4 fxe4 29. Re3 Re8 30. Kf2 Rc6 31. Rcc3 Rf6+ 32. Ke2 Kf7 33.
c6 Rc8 34. c7 Ke7 35. Rxe4+ Kd7 36. Rd4+ Rd6 37. Rxd6+ Kxd6 38. Ke3 Rxc7 39.
Rxc7 Kxc7 40. Kf4 Kd6 41. Kg5 Ke6 42. Kh6 Kf7 43. Kxh7 Kf6 44. Kh6 Kf5 45. h4
a5 46. a4 Kf6 47. g4 Kf7 48. g5 1-0

[Event "Superettan(Kamraterna-Lulea)"]
[Site "?"]
[Date "2023.03.11"]
[Round "8"]
[White "Andreasson, Ingvar"]
[Black "Marklund, Niklas"]
[Result "1-0"]
[WhiteElo "2327"]
[BlackElo "2174"]
[PlyCount "83"]
[SourceVersionDate "2023.03.29"]

1. c4 Nf6 2. Nc3 g6 3. g3 d5 4. cxd5 Nxd5 5. Qa4+ Bd7 6. Qd4 Nf6 7. Bg2 Nc6 8.
Qh4 e5 9. d3 Be7 10. Qa4 O-O 11. Qd1 Kg7 12. Nf3 h6 13. O-O Be6 14. b3 Qd7 15.
Bb2 Bh3 16. Rc1 Bxg2 17. Kxg2 Rfe8 18. Na4 Qd5 19. e4 Qa5 20. Rxc6 bxc6 21.
Nxe5 Qb5 22. Qf3 Kg8 23. Rc1 Bd8 24. Rc5 Qb7 25. Rc2 Qb5 26. Nc5 Rxe5 27. Bxe5
Ne8 28. Qe3 Kh7 29. h4 Be7 30. h5 g5 31. Bb2 Rd8 32. d4 Ng7 33. Qf3 Kg8 34. Rc4
Qb8 35. Na6 Qb6 36. Nc5 Qb8 37. Nd3 Rf8 38. Rxc6 Kh7 39. d5 Bd6 40. e5 Be7 41.
Qe4+ Kg8 42. Rxh6 1-0

[Event "Superettan(Upsala-Vaxjo)"]
[Site "?"]
[Date "2023.03.11"]
[Round "8"]
[White "Johansson, Thomas"]
[Black "Lindberg, Bengt"]
[Result "0-1"]
[WhiteElo "2194"]
[BlackElo "2351"]
[PlyCount "40"]
[SourceVersionDate "2023.03.29"]

1. d4 Nf6 2. c4 e6 3. Nf3 b6 4. e3 Bb7 5. Bd3 d5 6. O-O Bd6 7. b3 O-O 8. Bb2
Nbd7 9. Nbd2 Ne4 10. Qc2 f5 11. Ne5 c5 12. Rad1 Rc8 13. f3 Nef6 14. Qb1 cxd4
15. exd4 Nxe5 16. dxe5 Bc5+ 17. Kh1 Nh5 18. Rfe1 Qg5 19. Nf1 Nf4 20. Qc2 dxc4
0-1

[Event "Superettan(Vasteras II-Orebro)"]
[Site "?"]
[Date "2023.03.11"]
[Round "8"]
[White "Gillefalk, Bjorn"]
[Black "Horbing, Stefan"]
[Result "1/2-1/2"]
[WhiteElo "2083"]
[BlackElo "2090"]
[PlyCount "32"]
[SourceVersionDate "2023.03.29"]

1. Nf3 Nf6 2. c4 g6 3. Nc3 d5 4. cxd5 Nxd5 5. g3 Bg7 6. Bg2 O-O 7. O-O c5 8. d3
Nc6 9. Nxd5 Qxd5 10. Be3 Qd6 11. Nd2 b6 12. Qa4 Bb7 13. Qh4 Qd7 14. Bh3 Qd8 15.
Bg2 Qd7 16. Bh3 Qd8 1/2-1/2

[Event "Superettan(Kamraterna-Lulea)"]
[Site "?"]
[Date "2023.03.11"]
[Round "8"]
[White "Liden, Tommy"]
[Black "Svensson, Bengt"]
[Result "1/2-1/2"]
[WhiteElo "2056"]
[BlackElo "2317"]
[PlyCount "85"]
[SourceVersionDate "2023.03.29"]

1. e4 c5 2. Nf3 d6 3. Bb5+ Bd7 4. Bxd7+ Qxd7 5. c4 Nf6 6. Nc3 g6 7. d4 cxd4 8.
Nxd4 Bg7 9. f3 O-O 10. Be3 Nc6 11. O-O Rac8 12. b3 a6 13. Qd3 Qd8 14. Na4 Nd7
15. Rad1 Qa5 16. Nxc6 Rxc6 17. Bd2 Qc7 18. f4 Rb8 19. Rc1 e6 20. f5 Nc5 21.
Nxc5 dxc5 22. f6 Bf8 23. Bf4 e5 24. Bg3 Rd8 25. Qf3 Re6 26. Rcd1 Rd4 27. Bf2
Rxd1 28. Rxd1 Qb6 29. Bh4 h6 30. Qc3 g5 31. Bg3 Rxf6 32. Bxe5 Re6 33. Rf1 Qc6
34. Qf3 Qe8 35. Bb2 Bg7 36. Bxg7 Kxg7 37. Qf5 Qe7 38. Qd5 f6 39. Rf5 Rxe4 40.
Qxc5 Re1+ 41. Kf2 Re2+ 42. Kf1 Re1+ 43. Kf2 1/2-1/2

[Event "Superettan(Upsala-Vaxjo)"]
[Site "?"]
[Date "2023.03.11"]
[Round "8"]
[White "Rydstrom, Tom"]
[Black "Burwick, Malte"]
[Result "0-1"]
[WhiteElo "2306"]
[BlackElo "2207"]
[PlyCount "76"]
[EventDate "2023.??.??"]
[SourceVersionDate "2023.03.29"]

1. e4 d5 2. exd5 Qxd5 3. Nc3 Qd8 4. d4 g6 5. Bc4 Nh6 6. Nf3 Nd7 7. Bf4 c6 8.
Bb3 Nf6 9. Ne5 Be6 10. Bxe6 fxe6 11. Qd2 Nf5 12. O-O-O Qa5 13. Kb1 Qa6 14. g4
Nd6 15. f3 Bg7 16. h4 Nd5 17. h5 Bxe5 18. Nxd5 cxd5 19. Bxe5 Nc4 20. Qe1 Rg8
21. hxg6 hxg6 22. Rh7 Qb6 23. b3 Rc8 24. Rc1 a5 25. Ka1 Na3 26. c3 a4 27. Qh4
g5 28. Qh5+ Kd7 29. b4 Rcf8 30. Rf7 Qa6 31. Bf6 Rxf7 32. Qxf7 Re8 33. c4 Nxc4
34. Re1 Qb6 35. f4 gxf4 36. g5 f3 37. Be5 Nxe5 38. dxe5 Qd4+ 0-1

[Event "Superettan(Vasteras II-Orebro)"]
[Site "?"]
[Date "2023.03.11"]
[Round "8"]
[White "Ivraeus, Love"]
[Black "Gajic, Zoran"]
[Result "1-0"]
[WhiteElo "2053"]
[BlackElo "1929"]
[PlyCount "61"]
[SourceVersionDate "2023.03.29"]

1. d4 d6 2. Nf3 Nf6 3. g3 Nbd7 4. Bg2 c6 5. b3 e5 6. dxe5 dxe5 7. Bb2 Qc7 8.
O-O Bc5 9. Nbd2 e4 10. Ng5 e3 11. Nde4 exf2+ 12. Kh1 h6 13. Bxf6 hxg5 14. Bxg5
Qe5 15. e3 Nf6 16. Rxf2 Bg4 17. Bxf6 gxf6 18. Qxg4 Qxa1+ 19. Rf1 Qe5 20. Nxf6+
Ke7 21. Qd7+ Kf8 22. Qxb7 Kg7 23. Nd7 Qxg3 24. Rxf7+ Kxf7 25. Nxc5+ Kg6 26.
Qxc6+ Kg7 27. Qd7+ Kg6 28. Be4+ Kf6 29. Qe6+ Kg7 30. Qe7+ Kg8 31. Bd5# 1-0

[Event "Superettan(Kamraterna-Lulea)"]
[Site "?"]
[Date "2023.03.11"]
[Round "8"]
[White "Svenn, Matti"]
[Black "Kashwan, Hassan"]
[Result "1-0"]
[WhiteElo "2170"]
[BlackElo "1934"]
[PlyCount "61"]
[SourceVersionDate "2023.03.29"]

1. e4 c5 2. Nf3 d6 3. d4 cxd4 4. Nxd4 Nf6 5. Nc3 a6 6. Bg5 e6 7. Qf3 Be7 8.
O-O-O Qc7 9. h4 Nbd7 10. h5 h6 11. Be3 Ne5 12. Qg3 Bd7 13. f4 Nc4 14. Bxc4 Qxc4
15. e5 Nd5 16. Nxd5 exd5 17. Qxg7 O-O-O 18. e6 Bc6 19. Kb1 fxe6 20. Nxc6 Qxc6
21. Qxe7 Rhe8 22. Qf6 e5 23. fxe5 Rxe5 24. Bd4 Re2 25. Qf5+ Kb8 26. Bc3 d4 27.
Rxd4 Rxg2 28. Qd5 Qxd5 29. Rxd5 Kc7 30. Rhd1 Re8 31. Rxd6 1-0

[Event "Superettan(Upsala-Vaxjo)"]
[Site "?"]
[Date "2023.03.11"]
[Round "8"]
[White "Fernandez, Juan Pablo"]
[Black "Sevastianov, Andrii"]
[Result "1/2-1/2"]
[WhiteElo "2044"]
[BlackElo "2151"]
[PlyCount "30"]
[SourceVersionDate "2023.03.29"]

1. c4 e5 2. g3 c6 3. Nf3 e4 4. Nd4 d5 5. d3 Bb4+ 6. Bd2 Bxd2+ 7. Qxd2 Nf6 8.
Bg2 O-O 9. O-O exd3 10. Qxd3 Na6 11. cxd5 Nxd5 12. Nc3 Nc5 13. Qc4 Nxc3 14.
Qxc5 Qxd4 15. Qxc3 Qxc3 1/2-1/2

[Event "Superettan(Vasteras II-Orebro)"]
[Site "?"]
[Date "2023.03.11"]
[Round "8"]
[White "Carlsson, Andreas"]
[Black "Jonsson, Krister"]
[Result "1/2-1/2"]
[WhiteElo "1911"]
[BlackElo "2011"]
[PlyCount "55"]
[SourceVersionDate "2023.03.29"]

1. e4 c5 2. Nf3 e6 3. d4 cxd4 4. Nxd4 Nc6 5. g3 Nf6 6. Bg2 d6 7. O-O Be7 8. Be3
a6 9. Nc3 O-O 10. Qe2 Qc7 11. f4 Bd7 12. g4 Nxd4 13. Bxd4 Bc6 14. g5 Nd7 15. h4
e5 16. Be3 exf4 17. Rxf4 Ne5 18. Nd5 Bxd5 19. exd5 Rae8 20. Raf1 b5 21. Be4 f6
22. h5 fxg5 23. Rxf8+ Rxf8 24. Rxf8+ Bxf8 25. Bxg5 Be7 26. Qg2 Qd8 27. Bxe7
Qxe7 28. Qg3 1/2-1/2

[Event "Superettan(Kamraterna-Lulea)"]
[Site "?"]
[Date "2023.03.11"]
[Round "8"]
[White "Hart, Alexander"]
[Black "Madebrink, Lars"]
[Result "1/2-1/2"]
[WhiteElo "1985"]
[BlackElo "2138"]
[PlyCount "55"]
[SourceVersionDate "2023.03.29"]

1. d4 Nf6 2. c4 e6 3. Nc3 d5 4. cxd5 exd5 5. Bg5 Be7 6. e3 h6 7. Bh4 O-O 8. Bd3
b6 9. Nge2 Bb7 10. O-O Nbd7 11. Qc2 c5 12. Rad1 Re8 13. f3 a6 14. a4 Nf8 15.
Rfe1 Ne6 16. Bf2 Qc7 17. Qd2 Rad8 18. h3 Bd6 19. Kh1 cxd4 20. exd4 Nh5 21. Bb1
Nhf4 22. Nc1 Qd7 23. Nd3 Nxd3 24. Bxd3 Nf4 25. Bf1 Nh5 26. Bd3 Nf4 27. Bf1 Nh5
28. Bd3 1/2-1/2

[Event "Superettan(Upsala-Vaxjo)"]
[Site "?"]
[Date "2023.03.11"]
[Round "8"]
[White "Lindborg, Patrik"]
[Black "Bernhard, Jonathan"]
[Result "1-0"]
[WhiteElo "2184"]
[BlackElo "2061"]
[PlyCount "119"]
[SourceVersionDate "2023.03.29"]

1. d4 d5 2. c4 c6 3. Nc3 dxc4 4. e3 b5 5. a4 b4 6. Nb1 Ba6 7. Qc2 Qd5 8. Nd2 c3
9. bxc3 bxc3 10. Qxc3 Bxf1 11. e4 Qh5 12. Nxf1 Nf6 13. Ng3 Qg6 14. f3 h5 15.
N1e2 h4 16. Nf4 Qh7 17. Nge2 e6 18. Nh3 c5 19. O-O Nbd7 20. Be3 Rc8 21. Rac1
Be7 22. dxc5 Bxc5 23. Bxc5 Nxc5 24. Qa5 Qh6 25. Nhf4 Nfd7 26. Rfd1 O-O 27. Qxa7
Ra8 28. Qc7 Rfc8 29. Qd6 Rxa4 30. Qe7 Rca8 31. Rxd7 Nxd7 32. Qxd7 Ra1 33. Rxa1
Rxa1+ 34. Kf2 Qf6 35. Qc8+ Kh7 36. Qc2 Qd8 37. g3 Qb6+ 38. Kg2 Qe3 39. Qd3 Qxd3
40. Nxd3 Rd1 41. Ne5 Rd2 42. Kf2 f6 43. Nc4 Ra2 44. Ne3 h3 45. g4 e5 46. Nd5
Kg6 47. Ndc3 Ra1 48. Ng1 Kg5 49. Nxh3+ Kh4 50. Ng1 Rc1 51. Nce2 Ra1 52. Kg2 Ra2
53. h3 g6 54. f4 Ra3 55. Nf3+ Rxf3 56. Kxf3 Kxh3 57. g5 fxg5 58. fxe5 g4+ 59.
Kf2 Kh4 60. e6 1-0

[Event "Superettan(Vasteras II-Orebro)"]
[Site "?"]
[Date "2023.03.11"]
[Round "8"]
[White "Blomstrom, Lars"]
[Black "Granath, Jonas"]
[Result "1/2-1/2"]
[WhiteElo "2085"]
[BlackElo "1887"]
[PlyCount "105"]
[SourceVersionDate "2023.03.29"]

1. e4 e5 2. Nf3 Nc6 3. Bb5 a6 4. Ba4 Nf6 5. O-O Be7 6. Bxc6 dxc6 7. d3 Bg4 8.
Nbd2 O-O 9. h3 Bxf3 10. Nxf3 Qd6 11. Re1 Rad8 12. d4 Nd7 13. c3 Bf6 14. Be3
Rfe8 15. Qc2 Qe6 16. Nd2 Nb6 17. dxe5 Qxe5 18. f4 Qh5 19. Nf3 Nc4 20. Bf2 Qb5
21. b3 Na3 22. Qc1 Qa5 23. e5 Be7 24. Kh2 Rd3 25. Re3 Red8 26. Rxd3 Rxd3 27. c4
Bc5 28. Qf1 Rd8 29. Rd1 Re8 30. Bxc5 Qxc5 31. Qd3 Qe7 32. f5 f6 33. e6 b5 34.
cxb5 Nxb5 35. Qc4 Nd6 36. Qc5 g6 37. g4 Nxf5 38. Qxc6 Ne3 39. Rd7 Qxe6 40. Qxc7
Nf1+ 41. Kh1 Kf8 42. Rxh7 Re7 43. Qd8+ Re8 44. Qc7 Re7 45. Rxe7 Qxe7 46. Qc8+
Kg7 47. Qxa6 Ng3+ 48. Kg2 Ne2 49. Qc4 Qe3 50. Qc7+ Kh6 51. Qd6 Nf4+ 52. Kg3
Ne2+ 53. Kg2 1/2-1/2

[Event "Superettan(Kamraterna-Lulea)"]
[Site "?"]
[Date "2023.03.11"]
[Round "8"]
[White "Svedberg, Hans"]
[Black "Harlin, Jacob"]
[Result "1-0"]
[WhiteElo "2016"]
[BlackElo "1776"]
[PlyCount "70"]
[SourceVersionDate "2023.03.29"]

1. e4 c5 2. Nf3 d6 3. d4 cxd4 4. Nxd4 Nf6 5. Nc3 a6 6. Qf3 e6 7. Be2 Nbd7 8. g4
h6 9. h4 Ne5 10. Qg2 Nfd7 11. Be3 b5 12. f4 Nc4 13. Bxc4 bxc4 14. g5 Bb7 15. g6
Qf6 16. gxf7+ Qxf7 17. O-O-O Nf6 18. f5 exf5 19. Nxf5 O-O-O 20. Rhf1 g6 21. Ng3
Qe6 22. Bd4 Bg7 23. h5 Nxh5 24. Nxh5 Bxd4 25. Rxd4 gxh5 26. Qd2 Kb8 27. Nd5
Bxd5 28. exd5 Qd7 29. Rxc4 Rc8 30. Rb4+ Ka8 31. Qd3 Ka7 32. Qd4+ Ka8 33. Qb6
Rc7 34. a4 Ra7 35. Rbf4 Qb7 1-0